Cesantía y pensiones: una propuesta justa y equilibrada /

محفوظ في:
التفاصيل البيبلوغرافية
المؤلف الرئيسي: Ruiz Gutiérrez, Marco Vinicio
التنسيق: نص
الموضوعات:
الوسوم: إضافة وسم
لا توجد وسوم, كن أول من يضع وسما على هذه التسجيلة!

MARC

LEADER 00000 a a2200000 04500
001 17146
003
040
100 |a Ruiz Gutiérrez, Marco Vinicio  
245 |a Cesantía y pensiones:   |b una propuesta justa y equilibrada /  |c Marco Vinicio Ruiz Gutiérrez 
650 |a BIENESTAR SOCIAL  
650 |a POLITICA SOCIAL  
650 |a SEGURIDAD SOCIAL  
650 |a PENSIONES DE JUBILACION  
650 |a SISTEMAS DE JUBILACION  
650 |a SEGURO DE DESEMPLEO  
650 |a POLITICA LABORAL  
650 |a POLITICA DE EMPLEO  
650 |a DESPIDO  
773 |g volumen 7, número 2; páginas 125-139  
999 |c 26627  |d 26627